KOHA-Header-6

Medical Biochemistry (Record no. 12892)

000 -LEADER
fixed length control field 00238nam a22001097a 4500
020 ## - INTERNATIONAL STANDARD BOOK NUMBER
ISBN 9788131252871
082 ## - DEWEY DECIMAL CLASSIFICATION NUMBER
Classification number 612.015
100 ## - MAIN ENTRY--AUTHOR NAME
Personal name Sucheta P Dandekar
245 ## - TITLE STATEMENT
Title Medical Biochemistry
260 ## - PUBLICATION, DISTRIBUTION, ETC. (IMPRINT)
Place of publication India
Name of publisher Elsevier
Year of publication 2018
942 ## - ADDED ENTRY ELEMENTS (KOHA)
Koha item type Books
Holdings
Withdrawn status Lost status Collection code Permanent Location Current Location Shelving location Date acquired Full call number Accession Number Koha item type
    Bio Sciences MAJU MAJU Shelf No.A36 2020-12-26 612.015 10023 Bio Science

Powered by Koha